000 00727nam a2200241Ia 4500
003 OSt
005 20220923224350.0
006 a|||||r|||| 00| 0
007 ta
008 Pun
024 _a231,730
037 _cTextual
040 _aARTS
_cARTS
_bPun
041 _2Pun
_aPun
082 _aO153:g, L6
100 _aਸੂਰੀ, ਕਰਤਾਰ ਸਿੰਘ
_9156315
245 0 _aਵਿਚਾਰ ਵਿਮਰF
260 _aਅੰਮ੍ਰਿਤਸਰ
_b ਨਾਨਾਕ ਸਿੰਘ ਪੁਸਤਕ ਮਾਲਾ
_c1976
300 _a188ਪੰ
_ccm.
650 _aਪੰਜਾਬੀ ਸਾਹਿਤ
942 _hO153:g, L6
_cTEXL
_2CC
999 _c370982
_d370982